| 000 | 00729nam a2200217Ia 4500 | ||
|---|---|---|---|
| 003 | GCL | ||
| 005 | 20240530104003.0 | ||
| 008 | 140319s9999 xx 000 0 ara d | ||
| 040 |
_aGCL / _cGCL |
||
| 082 | 0 | 4 |
_a539.76 _bو ط |
| 100 | 1 | _aوندت , جرالد | |
| 245 | 1 | 0 |
_aالطاقة الذرية واستعمالها فى السلم / _cوندت , جرالد |
| 260 |
_aالقاهرة : _bالعالمية للطبع والنشر ، _c1956 |
||
| 300 |
_a116 ص ؛ _c19 سم |
||
| 490 |
_aالالف كتاب _v19 |
||
| 650 | 0 | 4 | _aالطاقة |
| 650 | 0 | 4 | _aالطاقة الذرية |
| 700 | 1 |
_aمحمد الشحات _eمترجم |
|
| 700 | 1 |
_aابراهيم حلمى عبدالرحمن _eمراجع |
|
| 942 |
_2ddc _cBK |
||
| 999 |
_c43930 _d43930 |
||